LEADER 01749oam 2200493 450 001 9910717121003321 005 20220419133324.0 035 $a(CKB)5470000002529009 035 $a(OCoLC)1296613212 035 $a(OCoLC)995470000002529009 035 $a(EXLCZ)995470000002529009 100 $a20220214j199801 ua 0 101 0 $aeng 135 $aur||||||||||| 181 $ctxt$2rdacontent 182 $cc$2rdamedia 183 $acr$2rdacarrier 200 10$aNASA/FAA/NCAR supercooled large droplet icing flight research $esummary of winter 96-97 flight operations /$fDean Miller [and four others] 210 1$aCleveland, Ohio :$cNational Aeronautics and Space Administration, Lewis Research Center,$dJanuary 1998. 215 $a1 online resource (approximately 24 pages) $cillustrations, maps 225 1 $aNASA/TM ;$v1998-206620 300 $a"January 1998." 300 $a"AIAA-98-0577." 300 $a"Prepared for the 36th Aerospace Sciences Meeting & Exhibit sponsored by the American Institute of Aeronautics and Astronautics Reno, Nevada, January 12-15, 1998." 320 $aIncludes bibliographical references (pages 9-10). 517 $aNASA/FAA/NCAR supercooled large droplet icing flight research 606 $aAircraft icing$2nasat 606 $aFlight operations$2nasat 606 $aAir transportation$2nasat 615 7$aAircraft icing. 615 7$aFlight operations. 615 7$aAir transportation. 700 $aMiller$b Dean$01420486 712 02$aLewis Research Center, 801 0$bGPO 801 1$bGPO 801 2$bGPO 801 2$bOCLCO 801 2$bOCLCF 801 2$bGPO 906 $aBOOK 912 $a9910717121003321 996 $aNASA$93538429 997 $aUNINA LEADER 01381nam0 22002891i 450 001 UON00076670 005 20231205102413.605 100 $a20020107d1961 |0itac50 ba 101 $afre 102 $aFR 105 $a|||| ||||| 200 1 $aˆL'‰infinitif sémitique$eContribution à l'étude des formes et des fonctions des noms d'action et des infinitifs sémitiques$fpar J. M. Solà-Solé 210 $aParis$cLibrairie ancienne Honoré Champion$d1961 215 $axxvii, 207 p.$d26 cm 316 $a*Data e prezzo inesatti$5IT-UONSI ETIIC b/029* 410 1$1001UON00066447$12001 $aBibliotheque de l'Ecole Pratique des Hautes Etudes. Sciences philologiques et historiques$fpubliee sous les auspices du Ministere de l'Instruction Publique$v315 606 $aLINGUE SEMITICHE$xLessico$3UONC022248$2FI 620 $aFR$dParis$3UONL002984 676 $a492$cLingue camito semitiche / Lingue semitiche$v21 700 1$aSOLA-SOLE$bJosep M.$3UONV027407$0395874 712 $aChampion$3UONV248947$4650 801 $aIT$bSOL$c20250620$gRICA 899 $aSIBA - SISTEMA BIBLIOTECARIO DI ATENEO$2UONSI 912 $aUON00076670 950 $aSIBA - SISTEMA BIBLIOTECARIO DI ATENEO$dSI II C b 029* $eSI MR 78585 5 029* *Data e prezzo inesatti 996 $aInfinitif sémitique$91163208 997 $aUNIOR